Statistics for Classic Rock Song Titles of the 1970's by Synonym

Click here to take the quiz!

General Stats

  • This quiz has been taken 1,080 times
  • The average score is 10 of 21

Answer Stats

HintAnswer% Correct
Stroll in this MannerWalk This Way
80%
Jogging with SatanRunning with the Devil
77%
Combustion Particles on the LakeSmoke on the Water
69%
A Stallion without Nomenclature A Horse with No Name
67%
An Additional Cinderblock in the Room DividerAnother Brick in the Wall
67%
Nocturnal MotionsNight Moves
66%
Follow Your Unique PathGo Your Own Way
60%
Have No Despair for the HarvesterDon't Fear the Reaper
53%
Myself and Irish RobertMe and Bobby McGee
49%
Lodgings South of OregonHotel California
48%
Mythical Lupine Creatures of the City on the ThamesWerewolves of London
45%
Pay Attention to the SongListen to the Music
44%
Can't Leave the Center with YouStuck in the Middle with You
43%
Homicidal Promoted PrincessKiller Queen
40%
Communication in a Glass ContainerMessage in a Bottle
40%
Emirs of Jazz DanceSultans of Swing
39%
Nirvana by the Illumination of the Automotive Control PanelParadise by the Dashboard Light
37%
We are a Musical Ensemble from the USAWe're An American Band
37%
Will Not Be Deceived an Addtional TimeWon't Get Fooled Again
35%
In Excess of a HunchMore Than a Feeling
34%
Extended Cucumber-like FemaleLong Cool Woman
14%

Score Distribution

Percentile by Number Answered

Percent of People with Each Score

Your Score History

You have not taken this quiz